Landen met een letter - K - Statistieken

Algemene statistieken
  • Deze quiz is 218 keer genomen
  • De gemiddelde score is 25 van 35
Antwoordstatistieken
Categorie Land % Correct
1 x K Kroatië
93%
1 x K Kosovo
89%
1 x K Kazachstan
86%
1 x K Kameroen
84%
1 x K Kirgizië
84%
1 x K Zuid-Korea
84%
1 x K Kenia
82%
3 x K Verenigd Koninkrijk
82%
2 x K Frankrijk
80%
1 x K Kiribati
80%
1 x K Zuid-Afrika
80%
1 x K Noord-Korea
77%
1 x K Pakistan
77%
1 x K Turkije
77%
1 x K Koeweit
75%
1 x K Turkmenistan
75%
1 x K Democratische Republiek Congo
73%
1 x K Griekenland
70%
1 x K Irak
70%
1 x K Oostenrijk
70%
1 x K Saint Kitts en Nevis
70%
1 x K Dominicaanse Republiek
68%
1 x K Kaapverdië
68%
1 x K Republiek Congo
68%
1 x K Tadzjikistan
68%
1 x K Denemarken
66%
2 x K Marokko
66%
1 x K Oezbekistan
66%
2 x K Centraal-Afrikaanse Republiek
64%
1 x K Oekraïne
64%
1 x K Burkina Faso
59%
1 x K Slowakije
59%
1 x K Sri Lanka
55%
1 x K Ivoorkust
52%
1 x K Madagaskar
48%
Geen overeenkomende quizzen gevonden
Scoreverdeling
Procent van Mensen met Elke Score
Percentiel versus Aantal Correcte Antwoorden
Uw Scoregeschiedenis
U heeft deze quiz nog niet genomen